000
00283nam a2200097Ia 4500
001
644450
005
20250826153605.0
008
250824s9999 xx 000 0 und d
245
0
_a
Su Hakkında Hemen Hemen Her Şey
_c
Bob Harvey, Gerry Bailey, Felicia Law
260
_b
TÜBİTAK YAYINLARI
999
_c
644450
_d
644450